书目信息 |
| 题名: |
中国神话故事全集
|
|
| 作者: | 王宁 , 易宗军 编著 | |
| 分册: | ||
| 出版信息: | 北京 西苑出版社 2011.03 |
|
| 页数: | 211页 | |
| 开本: | 23cm | |
| 丛书名: | ||
| 单 册: | ||
| 中图分类: | I277.5 | |
| 科图分类: | ||
| 主题词: | 神话--Shen Hua--作品集--中国 | |
| 电子资源: | ||
| ISBN: | 978-7-80210-898-1 | |
| 000 | 00644nam0 2200217 450 | |
| 001 | CAL 012010248536 | |
| 005 | 20110228173358.06 | |
| 010 | @a978-7-80210-898-1@dCNY27.80 | |
| 100 | @a20110823d2011 em y0chiy0120 ea | |
| 101 | 0 | @achi |
| 102 | @aCN@b110000 | |
| 105 | @aa z 000yy | |
| 200 | 1 | @a中国神话故事全集@AZhong Guo Shen Fang Gu Shi Quan Ji@f王宁, 易宗军编著 |
| 210 | @a北京@c西苑出版社@d2011.03 | |
| 215 | @a211页@c图@d23cm | |
| 606 | 0 | @a神话@AShen Hua@j作品集@y中国 |
| 690 | @aI277.5@v4 | |
| 701 | 0 | @a王宁@AWang Ning@4编著 |
| 701 | 0 | @a易宗军@AYi Zong Jun@4编著 |
| 801 | 0 | @aCN@bLHYZ@c20110228 |
| 905 | @aZUCC@dI277.5@eW292@f3 | |
| 中国神话故事全集/王宁, 易宗军编著.-北京:西苑出版社,2011.03 |
| 211页:图;23cm |
| ISBN 978-7-80210-898-1:CNY27.80 |
| ● |
| 相关链接 |
|
|
|
正题名:中国神话故事全集
索取号:I277.5/W292
 
预约/预借
| 序号 | 登录号 | 条形码 | 馆藏地/架位号 | 状态 | 备注 |
| 1 | 1183841 | 211838412 | 文学库116/ [索取号:I277.5/W292] | 在馆 | |
| 2 | 1183842 | 211838421 | 文学库116/116文学库 12排6列4层/ [索取号:I277.5/W292] |
已借出,限还日期为2026.11.02 借出人:李晓燕 |
|
| 3 | 1183843 | 211838430 | 社科二线400B/400B社科库 10排3列6层/ [索取号:I277.5/W292] | 在馆 |